000
00300nam a2200133Ia 4500
100
_a
Beightler/C.S
942
_c
BK
654
_a
optimizatoin
245
_a
Foundations to optimization
260
_b
prentice hall
_a
New Delhi
_c
1982
082
_a
620.7
_b
BEI/PHI
300
_a
487
546
_a
ENGLISH
999
_c
32945
_d
32945